000 00510nam a22001937a 4500
003 LK-CoDNM
005 20250107095130.0
008 241220b |||||||| |||| 00| 0 eng d
040 _aLK-CoDNM
_dLK-CoDNM
_eLK-CoDNM
041 _aeng
080 _a4
_bF9
100 _aSTEJNEGER,LEONHARD
245 _aON SOME COLLECTIONS OF REPLIT AND BATRACHIANS FROM EAST AFRICA
_bNO 970
260 _c1893
_aWASHIGTON
300 _a20P. : ill ; 24 cm
490 _vVOL 16
650 _ascience
942 _cBK
999 _c235150
_d235150